El Apocalipsis, un mensaje de esperanza /

Guardado en:
Bibliografiske detaljer
Hovedforfatter: López Barrio, Mario (autor)
Format: Bog
Sprog:spansk
Udgivet: Guadalajara, México : Instituto de Ciencias, 1995
Tags: Tilføj Tag
Ingen Tags, Vær først til at tagge denne postø!

MARC

LEADER 00000nam^a2200000^a^4500
001 000620607
005 20250912000000.0
009 20260310133842.29
037 |a Acervo ITESO - Biblioteca 
041 |a ESP 
091 |a FOB. 01585 
100 |a López Barrio, Mario  |e (autor) 
245 1 3 |a El Apocalipsis, un mensaje de esperanza / 
264 1 |a Guadalajara, México :  |b Instituto de Ciencias,  |c 1995 
300 |a 19 p. 
336 |a texto  |b txt  |2 rdacontenido 
337 |a sin mediación  |b n  |2 rdamedio 
338 |a volumen  |b nc  |2 rdasoporte 
649 |a XX 
910 |a Fondo Carlos de Obeso Orendain 
920 |a Impresos - Libros 
930 |a Fondos Especiales 
905 |a 147 
901 |a 620607-10  |b IT2  |c ESP  |i D  |u 20250912 
902 |a https://opac.biblio.iteso.mx/vufind/Record/000620607